Egyptin historia -visa - Statistics

Yleistilastot
  • Tätä visaa on pelattu 346 kertaa
  • Keskiarvotulos 10 / 20
Vastaustilastot
Kysymys Vastaus % Oikein
Mikä paperinkaltainen ainesosa oli kirjakääröjen materiaali? Papyrus
91%
Kuka oli Egyptin viimeinen aktiivinen faarao ja yksi harvoista naispuolisista faaraoista? Kleopatra
88%
Minkä kaupungin Aleksanteri Suuri perusti Egyptiin? Aleksandria
82%
Minkä kanavan Egypti kansallisti 1956, mistä syystä useampi länsimaa hyökkäsi sinne? {Suezin} kanava
78%
Mikä valtakunta valloitti Egyptin 30 eaa.? Rooman valtakunta
77%
Kenen nuorena kuolleen faaraon hauta löydettiin 1922? Tutankhamon
73%
Mikä oli muinaisessa Egyptissä käytetty kirjoitusjärjestelmä? Hieroglyfit
68%
Mikä valtio hallitsi Egyptiä vuosina 1914–1952? Yhdistynyt kuningaskunta
65%
Minkä niemimaan Israel valtasi Egyptiltä vuonna 1967 ja palautti vuonna 1980? Siinain niemimaa
56%
Mikä pyramidi oli maailman korkein rakennus vuosituhansien ajan? {Kheopsin} pyramidi
47%
Kuka "suuri" faarao hallitsi 66 vuoden ajan? Ramses II
46%
Mikä vuonna 1799 löydetty kivi sisälsi avaimen yllä olevien merkkien ymmärtämiseen? Rosettan kivi
42%
Mikä valtakunta hallitsi Egyptiä ennen yllä olevaa? Osmanien valtakunta
37%
Minkäniminen pato Niiliin rakennettiin 1960-luvulla? Assuanin pato
34%
Kuka presidentti syöstiin vallasta vuonna 2011? Hosni Mubarak
30%
Kuka muinaisen Egyptin jumalatar kuvattiin täydellisenä äitinä ja vaimona? Isis
30%
Kuka presidentti salamurhattiin sen jälkeen, kun hän oli sopinut rauhan Israelin kanssa? Anwar Sadat
19%
Mikä nykyisen Luxorin kaupungin paikalla sijainnut kaupunki oli muinaisen Egyptin pääkaupunki sen kukoistuksen aikaan? Theba
19%
Kuka presidentti päätti kansallistaa yllä olevan kanavan? Gamal Abdel Nasser
18%
Mikä Kairon aukio oli arabikevään mielenosoitusten keskipiste? {Tahririn} aukio
12%
Ehtoja vastaavia visoja ei löytynyt
Tulosjakauma
Jokaisen tuloksen saaneiden osuus
Persentiili vastausten määrän mukaan
Tuloshistoriasi
Et ole pelannut tätä visaa